Legislación de colegios particulares

保存先:
書誌詳細
主要な著者: Vergara Guzmán, Raimundo (著者), Pino Silva, Luis Fernando (著者)
フォーマット: 図書
言語:スペイン語
出版事項: Santiago Revista Técnica del Trabajo y Previsión Social 1972
主題:
タグ: タグ追加
タグなし, このレコードへの初めてのタグを付けませんか!

MARC

LEADER 00000nam a2200000 a 4500
001 UCU1090
003 CL-VaPUC
008 960329e19720000CL |||||||||||||||||spa|d
082 0 4 |a 344.072  |b VER  |2 21 
100 0 |a Vergara Guzmán, Raimundo  |e author  |9 356691 
700 0 |a Pino Silva, Luis Fernando  |e author  |9 356692 
245 1 0 |a Legislación de colegios particulares 
300 |a 219 p 
942 |c BK 
945 |d 19960329 00:00:00  |a lriquelm 
260 |a Santiago  |b Revista Técnica del Trabajo y Previsión Social  |c 1972 
650 7 |a LEGISLACION EDUCACIONAL  |2 CL-VaPUC  |9 339222 
650 7 |a REGLAMENTACIONES  |2 CL-VaPUC  |9 338372 
650 7 |a EDUCACION PRIVADA  |2 CL-VaPUC  |9 307919 
583 |a last modification  |c 20170829 01:20:39  |k Rodrigo Vera 
999 |c 245841  |d 245839 
952 |0 0  |1 0  |4 0  |6 344_072000000000000_VER_1972  |7 0  |8 P  |9 260448  |a BIBEDU  |b BIBEDU  |c BIBEDU_PB  |d 2019-11-19  |i 2008661  |o 344.072 VER 1972  |p 2008661  |r 2024-01-25  |w 2019-11-19  |y BK  |k EDU